Skład Arsenalu 2021/22 - Statystyki

Ogólne statystyki
  • Ten quiz został rozwiązany 255 razy
  • Średni wynik to 18 z 26
Statystyki odpowiedzi
Pozycja Zawodnik % Poprawnych
BR Bernd Leno
94%
LP Bukayo Saka
93%
BR Aaron Ramsdale
92%
ŚO Gabriel
89%
ŚN Alexandre Lacazette
87%
LO Kieran Tierney
83%
ŚPO Martin Odegaard
83%
ŚN Pierre-Emerick Aubameyang
83%
ŚPD Thomas Partey
83%
ŚO Ben White
82%
LN Gabriel Martinelli
81%
ŚPO Emile Smith Rowe
80%
ŚPD Granit Xhaka
80%
ŚN Eddie Nketiah
76%
ŚO Rob Holding
71%
PO Takehiro Tomiyasu
70%
PN Nicolas Pepe
67%
ŚPD Mohamed Elneny
61%
LO Nuno Tavares
56%
PO Cedric Soares
52%
ŚP Albert Sambi Lokonga
51%
PO Callum Chambers
41%
ŚN Folarin Balogun
41%
ŚO Pablo Mari
40%
LO Sead Kolasinac
36%
PP Ainsley Maitland-Niles
28%
Nie znaleziono quizów pasujących do podanych kryteriów
Rozkład punktacji
Procent ludzi z każdym wynikiem
Percentyl według liczby udzielonych odpowiedzi
Twoja historia wyników
Nie rozwiązałeś tego quizu